000 00396nam a2200133Ia 4500
008 210210b2005 xxu||||| |||| 00| 0 eng d
082 _a001.6424 PINT
100 _aPINTO (Jeevan).
245 _aTextbook of computer applications (for BBM course of Mangalore University).
260 _aMangalore
_bMangala publications
_c2005
300 _avi,314
690 _aComputer Science
906 _a059756
999 _c106839
_d106839